书目信息 |
| 题名: |
工厂化高效农业
|
|
| 作者: | 魏文铎 | |
| 分册: | ||
| 出版信息: | 沈阳 辽宁科学技术出版社 1999 |
|
| 页数: | 683 | |
| 开本: | 26cm | |
| 丛书名: | ||
| 单 册: | ||
| 中图分类: | S238 | |
| 科图分类: | ||
| 主题词: | 农业机械化 | |
| 电子资源: | ||
| ISBN: | 7-5381-2974-X | |
| 000 | 00519nam0 2200181 450 | |
| 001 | 0741144344 | |
| 005 | 20070817112544.34 | |
| 010 | @a7-5381-2974-X@b精装@d¥68.00 | |
| 100 | @a20070817d km y0chiy0120 ea | |
| 101 | 0 | @achi |
| 200 | 1 | @a工厂化高效农业@Agong chang hua gao xiao nong ye@f魏文铎等@Fwei wen duo deng |
| 210 | @a沈阳@c辽宁科学技术出版社@d1999 | |
| 215 | @a683@d26cm | |
| 606 | 0 | @a农业机械化 |
| 690 | @aS238@v3 | |
| 701 | 0 | @a魏文铎@Awei wen duo |
| 801 | 0 | @aCN@bPFT@c20070817 |
| 905 | @a213230@dS238@en1@f1 | |
| 工厂化高效农业/魏文铎等.-沈阳:辽宁科学技术出版社,1999 |
| 683;26cm |
| ISBN 7-5381-2974-X(精装):¥68.00 |
| ● |
| 相关链接 |
|
|
|
|
正题名:工厂化高效农业
索取号:S238/n1
 
预约/预借
| 序号 | 登录号 | 条形码 | 馆藏地/架位号 | 状态 | 备注 |
| 1 | 6601431 | 266014314 | 密集书库-生命科学系/ [索取号:S238/n1] | 在馆 |